000 00322nam a22001337a 4500
008 181105b xxu||||| |||| 00| 0 eng d
020 _a9781457695940
041 _aeng
080 _27 TH
_a370
100 _a47
101 _aEDU
245 _aA Commonsense Guide To Grammar And Usage
_cBeason.L
942 _2udc
_cBK
999 _c51810
_d51810